000 01048naa a2200277 c 4500
001 40662
003 ES-MaCES
005 20150925133840.0
008 100915n2010 fr t 000 | fre d
035 _aCES20100010001v
040 _aES-MaCES
_bspa
_cES-MaCES
100 1 _aBebert, Charles
_97336
245 1 0 _aSociétes de télévision et opérateurs téléphoniques
_b: une nouvelle forme de concurrence
_cCharles Bébert
650 4 _acomparabilidad internacional
_930622
650 4 _acombinación de sector público y privado
_930718
650 4 _adivulgación de la información
_929540
650 4 _afuentes de información
_929449
650 4 _atecnología de la información
_930104
650 4 _atelecomunicaciones
_927884
653 1 0 _aTransporte-Comunicaciones
650 4 _927897
_acompetencia
773 0 _tProblèmes économiques
_gnº 2997 (9 juin 2010){10191 R. 077093}; p.37-41
_w(ES-MaCES)25207
_942548
902 _aART Artículo de revista
942 _2CES
_cAR
_h5.2.
999 _c40662
_d40662